Mô hình phát triển kinh tế hải đảo ở Việt Nam

Nghiên cứu cơ sở lý luận và thực tiễn phát triển bền vững kinh tế - xã hội dải ven biển, hải đảo và các khu vực trọng điểm; đồng thời xác lập các tuyến và các mô hình thực tiễn phát triển bền vững kinh tế - xã hội dải ven biển va...

全面介紹

Đã lưu trong:
書目詳細資料
主要作者: Phạm, Hoàng Hải
格式: 圖書
語言:Undetermined
出版: Hà Nội Khoa học Tự nhiên và Công nghệ 2011
主題:
標簽: 添加標簽
沒有標簽, 成為第一個標記此記錄!
Thư viện lưu trữ: Trung tâm Học liệu Trường Đại học Cần Thơ
LEADER 01004nam a2200193Ia 4500
001 CTU_178896
008 210402s9999 xx 000 0 und d
082 |a 330.9597 
082 |b H103 
100 |a Phạm, Hoàng Hải 
245 0 |a Mô hình phát triển kinh tế hải đảo ở Việt Nam 
245 0 |c Phạm Hoàng Hải 
260 |a Hà Nội 
260 |b Khoa học Tự nhiên và Công nghệ 
260 |c 2011 
520 |a Nghiên cứu cơ sở lý luận và thực tiễn phát triển bền vững kinh tế - xã hội dải ven biển, hải đảo và các khu vực trọng điểm; đồng thời xác lập các tuyến và các mô hình thực tiễn phát triển bền vững kinh tế - xã hội dải ven biển và hải đảo Việt Nam 
650 |a Economics,Kinh tế học biển 
650 |z Vietnam 
980 |a Trung tâm Học liệu Trường Đại học Cần Thơ